000 00751nam a2200217Ia 4500
005 20241216010314.0
008 180423s9999||||xx |||||||||||||| ||und||
082 _a346
_bD51
100 _aDELGADO CALLE LUIS
245 0 _aDERECHO CIVIL
_bobligaciones
250 _a1
260 _aLIMA-PERU
_bNOTAS ACADEMICAS
_c199
300 _a64 pag.
_c18 cm
341 _h0
490 _v0
_a0
505 _aGENERALIDADES DE LAS OBLIGACIONES/DERECHO DE OBLIGACIONES/CLASIFICACION DE LAS OBLIGACIONES/OBLIGACIONES DE DAR/OBLIGACIONES DE DAR COSA CIERTA/OBLIGACIONES DE DAR COSA INCIERTA/OBLIGACIONES ALTERNATIVAS Y FALCUTATIVAS
541 _aD
_bBUSTAMANTE ROBLES CESAR
_d16-Apr-08
650 _aCIENCIAS SOCIALES
856 _zHumanidades
942 _cLIBRO
999 _c10954
_d10954